|
|
|
|
| LEADER |
00000cam a2200000 a 4500 |
| 001 |
vtls001426165 |
| 003 |
SK-MaSNL |
| 005 |
20260301202610.0 |
| 008 |
240318s2000 ci a r 001 0 hrv |
| 020 |
|
|
|a 9531951462
|c b.c.
|
| 035 |
|
|
|a SNK000381099
|
| 035 |
|
|
|a urn:nbn:sk:snk-am3hq51
|
| 035 |
|
|
|a F02EA201-773B-42E8-AA8F-4306B1F9FB7E
|
| 035 |
|
|
|a urn:nbn:sk:snk-am00cth2
|
| 040 |
|
|
|a SNK
|b slo
|c SNK
|e AACR2
|
| 041 |
1 |
|
|a hrv
|h eng
|
| 044 |
|
|
|a ci
|c HR
|
| 080 |
|
|
|a 23/28(091)(084.12)
|2 1981
|
| 100 |
1 |
|
|a Collins, Michael
|4 aut
|9 584874
|
| 245 |
1 |
0 |
|a Priča o kršćanstvu
|c Michael Collins, Matthew A. Price ; [prevele s engleskoga Ivana Ježić, Julia Koš]
|
| 260 |
|
|
|a Zagreb
|b [vydavateľ nie je známy]
|c 2000
|e [Martin]
|f [Neografia]
|
| 300 |
|
|
|a 240 s.
|c 28 cm
|
| 650 |
0 |
7 |
|a dejiny kresťanstva
|2 SNKPH
|9 82542
|
| 655 |
|
7 |
|a monografie
|2 SNKPH
|9 70139
|
| 700 |
1 |
|
|a Matthew, Price A.
|4 aut
|9 584875
|
| 700 |
1 |
|
|a Ježić, Ivana
|4 trl
|9 584876
|
| 700 |
1 |
|
|a Koš, Julia
|4 trl
|9 584877
|
| 919 |
|
|
|a 953-195-146-2
|
| 999 |
|
|
|c 899429
|d 901359
|
| 952 |
|
|
|t P60, <03>, [BOOK], {603}
|a SNK
|b SNK
|y PREZ
|7 0
|p 17A0326386
|o snkSB 64281
|i snkKSP 14080/2001
|0 0
|1 0
|4 0
|d 2001-12-20
|f 1
|l 0
|r 2025-04-14 00:00:00
|w 2026-02-24
|